000 01339cam a2200445Ma 4500
999 _c4169
_d4169
003 OSt
005 20220318092731.0
008 000807s1977 cau ob 000 0 eng d
020 _a0585217246
020 _a9780585217246
020 _z0803906536
040 _cALUPE UNIVERSITY COLLEGE
050 4 _aHA29
_b.R4 1977eb
070 0 _aHA29
_b.R4 1977eb
072 7 _aMAT
_x029000
_2bisacsh
084 _a70.03
_2bcl
084 _aMR 2200
_2rvk
084 _aMR 2100
_2rvk
084 _aQH 234
_2rvk
084 _aQH 200
_2rvk
100 1 _aReynolds, H. T.
245 1 0 _aAnalysis of nominal data
_cH.T. Reynolds.
260 _aBeverly Hills, Calif. :
_bSage Publications,
_c1977.
300 _a1 online resource (82 pages)
336 _atext
_btxt
_2rdacontent
337 _acomputer
_bc
_2rdamedia
338 _aonline resource
_bcr
_2rdacarrier
347 _atext file
_2rda
504 _aIncludes bibliographical references (pages 81-82).
506 _3Use copy
_fRestrictions unspecified
_2star
_5MiAaHDL
506 _aAccess restricted to Ryerson students, faculty and staff.
_5CaOTR
533 _5MiAaHDL
538 _5MiAaHDL
583 1 _2pda
_5MiAaHDL
588 0 _aPrint version record.
650 0 _aSocial sciences
_xStatistical methods.
830 0 _vno. 07-007.
910 _a9608427
942 _2lcc
_cBK
_nPW